Statistics for Top 100 Nations in the FIFA World Rankings 2020

Click here to take the quiz!

General Stats

  • This quiz has been taken 466 times
  • The average score is 76 of 100

Answer Stats

RANKCOUNTRY% Correct
3Brazil
98%
2France
97%
9Argentina
96%
4England
96%
8Spain
96%
1Belgium
95%
7Portugal
95%
22USA
95%
10Colombia
94%
15Germany
94%
13Italy
94%
28Japan
94%
11Mexico
94%
42Australia
93%
18Sweden
93%
73Canada
92%
17Chile
92%
14Netherlands
92%
38Russia
92%
6Croatia
91%
16Denmark
91%
19Poland
91%
40South Korea
91%
34Ireland
90%
5Uruguay
90%
58Finland
89%
54Greece
89%
44Norway
89%
21Peru
89%
29Turkey
89%
26Austria
88%
30Serbia
88%
12Switzerland
88%
24Ukraine
88%
76China
87%
51Egypt
86%
33Iran
86%
41Paraguay
86%
50Scotland
86%
32Slovakia
86%
25Venezuela
86%
35Algeria
85%
39Iceland
85%
43Morocco
85%
64Slovenia
85%
72South Africa
85%
23Wales
85%
31Nigeria
83%
37Romania
83%
46Costa Rica
82%
63Ecuador
82%
45Czech Republic
81%
49Bosnia & Herzegovina
80%
60Bulgaria
80%
52Hungary
80%
81Panama
80%
67Saudi Arabia
80%
20Senegal
80%
75Bolivia
79%
53Cameroon
78%
47Ghana
78%
70Iraq
78%
27Tunisia
78%
62Honduras
77%
55Qatar
76%
66Albania
74%
93Israel
74%
61Ivory Coast
74%
87Belarus
73%
48Jamaica
72%
65Montenegro
72%
68Macedonia
70%
36Northern Ireland
70%
71UAE
68%
92Georgia
67%
56Mali
66%
82Oman
66%
98Luxembourg
65%
79Syria
64%
89Congo
63%
69El Salvador
61%
95Cyprus
59%
86Haiti
59%
83Gabon
58%
97Jordan
57%
74Guinea
56%
88Zambia
56%
94Vietnam
53%
90Lebanon
52%
99Bahrain
48%
85Uzbekistan
47%
91Madagascar
46%
77Uganda
46%
59Burkina Faso
45%
84Benin
44%
100Mauritania
39%
78Cape Verde
30%
57DRC
29%
96Kyrgyzstan
26%
80Curaçao
15%

Score Distribution

Percentile by Number Answered

Percent of People with Each Score

Your Score History

You have not taken this quiz